| 000 | 00575cam a2200229 4500 | ||
|---|---|---|---|
| 001 | X128847 | ||
| 008 | 050218n2005 000 0 eng u | ||
| 035 | _a(Sirsi) u128847 | ||
| 245 | _aRegional: Berkshire | ||
| 260 | _c2005 | ||
| 490 |
_aProperty Week _v70(6) 28 January 2005, 91-116(13) |
||
| 650 | _aOFFICES | ||
| 650 | _aINDUSTRIAL | ||
| 650 | _aRETAIL | ||
| 650 | _aTHAMES VALLEY | ||
| 650 | _aREADING | ||
| 650 | _aSQUATTERS | ||
| 650 | _aBRACKNELL | ||
| 650 | _aSLOUGH | ||
| 690 | _aPROPERTY-COMMERCIAL PROPERTY-COMMERCIAL PROPERTY MARKET | ||
| 942 | _n0 | ||
| 999 |
_c74815 _d74815 |
||